000 00390pab a2200145 454500
008 180718b2004 xxu||||| |||| 00| 0 eng d
100 _aTauger, Mark B.
245 _aSoviet peasants and collectivization, 1930-39: resistance and adaptation
260 _c2004
300 _ap.427-56.
362 _aApr-Jul
650 _aPeasantry
773 _aJournal of Peasant Studies
909 _a63153
999 _c63153
_d63153